00565 2200193 4500001002100000005001700021008004100038035002400079082001100103090002100114111004200135245007300177260003800250300002400288650002300312850001500335985000600350999001500356YOGYA-0209000002785920090227024159.0 ind  0010-020900000027859 a049.92 a049.92bInd PlT aINDONESIA.Presiden (1967 - : Suharto) aPidato kenegaraan Presiden Republik Indonesia SoehartocPresiden R.I aJakartabRepublik Indonesiac1985 a37 hlmbilusc21 cm aPidato Presiden RI aYOPDYOG(B) a1 aA000001339